000
00284nam a2200109Ia 4500
008
230907s9999||||xx |||||||||||||| ||und||
082
_a
660.2804
_b
HAN
245
0
_a
Bretherick's Handbook of Reactive Chemical Hazards /
260
_a
Elsevier,
_c
2017
300
_a
1500 p.
942
_c
BK
999
_c
598390
_d
598390